000 01611cam a2200145 4500500
005 20260405085554.0
041 _afre
042 _adc
100 1 0 _aGibert, Marie-Pierre
_eauthor
700 1 0 _aMonjaret, Anne
_eauthor
245 0 0 _aAnthropologie du travail
260 _bArmand Colin,
_c2021.
520 _aCe manuel, premier du genre en France, pose des jalons pour une anthropologie du travail, champ en constitution. Sans être exhaustif, il propose un large tour d’horizon des thématiques et des analyses anthropologiques françaises et internationales sur le travail. Il tend à montrer comment l’anthropologie peut se saisir de cet objet de recherche et donne par là même les moyens de s’interroger sur la place et le sens du travail sous ses diverses formes dans le quotidien de tout un chacun, ici et ailleurs. L’ouvrage permet de suivre le cheminement d’individus, hommes et femmes, tout au long de leur vie, et de saisir leur manière d’apprendre, de dire et de faire leur travail ou de faire avec leur travail, d’occuper les espaces professionnels, de circuler sur des territoires, d’articuler travail et hors travail, de lutter pour leur emploi, de se réinsérer et de ne pas oublier ces mondes du travail. Au-delà de ces multiples thématiques, ce sont les cultures et les frontières du travail qui sont questionnées. L’anthropologie du travail apparaît alors comme un champ réflexif et engagé, impliqué dans une discipline et dans la cité.
856 4 1 _uhttps://shs.cairn.info/anthropologie-du-travail--9782200624538?lang=fr&redirect-ssocas=7080
999 _c2198644
_d2198644